000 00334nam a2200121Ia 4500
008 151001s9999||||xx |||||||||||||| ||und||
100 _aसुनील राऊत
245 _aकंजूष बापाचा दिलदार बॉस
250 _a1
260 _bजिद्द
300 _a104
365 _b21
999 _c996201
_d996198